000 00659nam a2200229Ia 4500
003 OSt
005 20220925204857.0
006 a|||||r|||| 00| 0
007 ta
008 220923b |||||||| |||| 00| 0 eng d
037 _cGeneral Book
040 _aRTL
_cRTL
_beng
041 _2eng
_aeng
082 _aY:4:5.1(X).N6, K5
100 _aPusic Eugen
_9132737
245 0 _aPlanning the social services in developing countri
260 _aHague
_bMouton
_c1965
300 _a30p
_ccm.
490 _aInstitute of Social Studies, Series Minor.7
942 _hY:4:5.1(X).N6, K5
_cGB
_2CC
999 _c550645
_d550645